000 00360nam a2200133Ia 4500
008 220217s9999||||xx |||||||||||||| ||und||
020 _a81-203-1745-9
082 _a621.381 5 KUM
100 _aKumar, Anand, A
245 0 _aFundamentals of digital circuits
260 _aPrentice hall of india
_bNew Delhi
_c2001
300 _b295
650 _aCIRCUITRY
999 _c167935
_d167935